000 01373cab a22002415a 4500
001 L138056
008 070515s2007 xxk f g 000 0 eng d
035 _a(Sirsi) u138056
041 0 _aeng
100 1 _aWalker, Beverley
245 0 0 _aWater regulations and energy developments
490 _aScottish Planning and Environmental Law
_v(120) 20 April 2007, 37-38(2)
520 _aExamines issues raised by the overlaps between different systems of regulations. Many activities requiring authorisation under the Water Environment (Controlled Activities) (Scotland) Regulations 2005 also require planning permission. Warns against planning regulations being used beyond their remit due to a perceived shortcoming in other areas of regulation. Wind farm developers could be caught between two systems because of the need to obtain early authorisation under the Electricity Act while planning applications are at an early stage.
590 _aKA
650 2 4 _aWATER ENVIRONMENT (CONTROLLED ACTIVITIES) (SCOTLAND) REGULATIONS 2005
650 2 4 _aENVIRONMENT AND WATER SERVICES (SCOTLAND) ACT 2003
650 2 4 _aENVIRONMENT AND WATER SERVICES (SCOTLAND) ACT 2003 (CONSEQUENTIAL PROVISIONS AND MODIFICATIONS) ORDER 2006
650 2 4 _aELECTRICITY ACT 1989 S36
650 2 4 _aSPP1
651 4 _aScotland
_y1999-
690 _aPlanning and development
_96259
942 _n0
999 _c78779
_d78779